La lǧislation comptable

Bibliographic Details
Main Author: Mercier, Stp̌hane
Format: Unknown
Language:French
Published: Liege : Edipro, 2007
Subjects:
Online Access:Acceso restringido

MARC

LEADER 00000ny a22000003n 4500
005 2011051907127.0
008 090127s2007 be a sb 000 0 fre c
020 |a 9782930287881 
035 |a 2458 
040 |a UMA.RE  |d vLex 
080 |a 351.713(4-672UE)(0.034) 
090 |c 71  |d 71 
100 1 |a Mercier, Stp̌hane 
245 1 3 |a La lǧislation comptable  |h [Recurso electrn̤ico]  |c Stp̌hane Mercier 
256 |a Servicio en ln̕ea 
260 |a Liege :   |b Edipro,   |c 2007 
506 1 |a Contenido solo disponible en los productos indicados  |d vLex Global  |d vLex Global (Academic Edition, excluding Law Schools)  |d vLex Global (U.S. Academic Edition, Law Schools)  |d vLex Global (U.S. Academic Edition, excluding Law Schools)  |d vLex Global (Academic Edition, Law Schools) 
650 0 4 |a Contabilidad  |z Unin̤ Europea  
740 0 |a vLex Libros (Servicios en ln̕ea) 
856 4 0 |u http://vlex.com/source/2458  |z Acceso restringido 
942 |c BOOK 
999 0 4 |a Accounting   |b Unin̤ Europea  |v En ln̕ea 
999 0 4 |a Derecho fiscal  |z Unin̤ Europea  |v En ln̕ea